| 000 | 00000nam 2200000zi 4500 |
| 001 | 9.931396 |
| 003 | CaOODSP |
| 005 | 20240125144327 |
| 006 | m o d f |
| 007 | cr |n||||||||| |
| 008 | 231212s2018 onc ob f000 0 eng d |
| 040 | |aCaOODSP|beng|erda|cCaOODSP |
| 043 | |an-cn--- |
| 086 | 1 |aNG21-19/2018E-PDF |
| 245 | 00|aPolicy on information management. |
| 246 | 37|aNGC policy on information management |
| 264 | 1|a[Ottawa] : |bNational Gallery of Canada = Musée des beaux-arts du Canada, |c[2018] |
| 300 | |a1 online resource (8 pages) |
| 336 | |atext|btxt|2rdacontent |
| 337 | |acomputer|bc|2rdamedia |
| 338 | |aonline resource|bcr|2rdacarrier |
| 500 | |aCover title. |
| 500 | |a"This Policy was approved by the Board of Trustees on March 20, 2018."--cover page. |
| 500 | |aIssued also in French under title: La politique de gestion de l'information. |
| 504 | |aIncludes bibliographical references (page 8). |
| 610 | 20|aNational Gallery of Canada|xManagement. |
| 650 | 0|aInformation resources management|zCanada. |
| 710 | 2 |aNational Gallery of Canada, |eissuing body. |
| 775 | 08|tLa politique de gestion de l'information.|w(CaOODSP)9.931402 |
| 856 | 40|qPDF|s1.31 MB|uhttps://publications.gc.ca/collections/collection_2023/mbac-ngc/NG21-19-2018-eng.pdf |